000 00419nam a22001697a 4500
003 OSt
005 20260409115029.0
008 260409b |||||||| |||| 00| 0 eng d
020 _a978-0-670-88146-8
040 _caacr2
082 _a303.3 GRE
100 _aGreene ,Robert
245 _aThe 48 Laws of power
260 _aNew York:
_bPenguin Books
_c,1998.
300 _axxii,452
_binclude index
942 _2ddc
_cBK
_n0
999 _c33634
_d33634